000
00225nam a2200097Ia 4500
008
120527s9999 xx 000 0 und d
100
_a
TANSEY,D.C.
245
_a
Art through the ages 7th edition.
260
_b
HBJ
942
_c
BK
999
_c
24076
_d
24076